<?xml version="1.0" encoding="UTF-8"?><?xml-stylesheet type="text/xsl" href="static/style.xsl"?><OAI-PMH xmlns="http://www.openarchives.org/OAI/2.0/" xmlns:xsi="http://www.w3.org/2001/XMLSchema-instance" xsi:schemaLocation="http://www.openarchives.org/OAI/2.0/ http://www.openarchives.org/OAI/2.0/OAI-PMH.xsd"><responseDate>2026-04-14T17:13:53Z</responseDate><request verb="GetRecord" identifier="oai:uvadoc.uva.es:10324/7632" metadataPrefix="marc">https://uvadoc.uva.es/oai/request</request><GetRecord><record><header><identifier>oai:uvadoc.uva.es:10324/7632</identifier><datestamp>2021-06-29T10:07:11Z</datestamp><setSpec>com_10324_38</setSpec><setSpec>col_10324_852</setSpec></header><metadata><record xmlns="http://www.loc.gov/MARC21/slim" xmlns:doc="http://www.lyncode.com/xoai" xmlns:xsi="http://www.w3.org/2001/XMLSchema-instance" xmlns:dcterms="http://purl.org/dc/terms/" xsi:schemaLocation="http://www.loc.gov/MARC21/slim http://www.loc.gov/standards/marcxml/schema/MARC21slim.xsd">
<leader>00925njm 22002777a 4500</leader>
<datafield tag="042" ind1=" " ind2=" ">
<subfield code="a">dc</subfield>
</datafield>
<datafield tag="720" ind1=" " ind2=" ">
<subfield code="a">Rodríguez Molino, Joana</subfield>
<subfield code="e">author</subfield>
</datafield>
<datafield tag="260" ind1=" " ind2=" ">
<subfield code="c">2014</subfield>
</datafield>
<datafield tag="520" ind1=" " ind2=" ">
<subfield code="a">Este Trabajo Fin de Grado comienza haciendo un repaso de las definiciones y características asociadas a los Trastornos del Espectro del Autismo para poder considerar las pautas de intervención más acertadas a seguir con este alumnado. También se hace hincapié en los Sistemas Alternativos y Aumentativos de Comunicación como medio de comunicación y aprendizaje para estos niños/as. &#xd;
Se presenta una propuesta de intervención educativa llevada a cabo con un niño con Trastorno del Espectro del Autismo en un Centro de Educación Especial. Se trata de tres apoyos visuales elaborados a través de Sistemas Alternativos y Aumentativos de la Comunicación que persiguen el objetivo de establecer una rutina diaria y desarrollar algunas de las habilidades adaptativas, así como mejorar la comprensión espacio-temporal del alumno.</subfield>
</datafield>
<datafield tag="024" ind2=" " ind1="8">
<subfield code="a">http://uvadoc.uva.es/handle/10324/7632</subfield>
</datafield>
<datafield ind1=" " ind2=" " tag="653">
<subfield code="a">Niños autistas-Educación</subfield>
</datafield>
<datafield tag="245" ind1="0" ind2="0">
<subfield code="a">Agendas visuales y procesos, elementos básicos en la vida del alumnado con Trastorno del Espectro del Autismo</subfield>
</datafield>
</record></metadata></record></GetRecord></OAI-PMH>